Movies Quiz

Random Movies or Oscar Quiz

Globe Winners Not Nominated for Oscar Quiz Stats

 Plays Quiz not verified by Sporcle

Score 0/68 Timer 20:00
0 Plays Today
Film Actor/Actress % Correct
Sherlock HolmesRobert Downey Jr.
97.9%
BoratSacha Baron Cohen
94.3%
O Brother, Where Art Thou?George Clooney
94.3%
Mrs. DoubtfireRobin Williams
92.9%
The Truman ShowJim Carrey
92.1%
Revolutionary RoadKate Winslet
90.7%
ChicagoRichard Gere
90.7%
Four Weddings and a FuneralHugh Grant
87.9%
Man on the MoonJim Carrey
87.1%
EvitaMadonna
86.4%
Get ShortyJohn Travolta
86.4%
In BrugesColin Farrell
84.3%
The Royal TenenbaumsGene Hackman
83.6%
True LiesJamie Lee Curtis
82.9%
Nurse BettyRenee Zellweger
67.9%
Crocodile DundeePaul Hogan
66.4%
To Die ForNicole Kidman
64.3%
The PlayerTim Robbins
62.9%
Romancing the StoneKathleen Turner
62.9%
Some Like It HotMarilyn Monroe
58.6%
A Star is Born (Actress)Barbra Streisand
53.6%
Happy-Go-LuckySally Hawkins
51.4%
Green CardGerard Depardieu
50.7%
Doctor ZhivagoOmar Sharif
45%
Prizzi's HonorKathleen Turner
35%
A Star is Born (Actor)Kris Kristofferson
34.3%
Little VoiceMichael Caine
30%
Enchanted AprilMiranda Richardson
29.3%
Pennies from HeavenBernadette Peters
28.6%
Singin' in the RainDonald O'Connor
27.1%
Madame SousatzkaShirley MacLaine
26.4%
GypsyRosalind Russell
24.3%
Micky + MaudeDudley Moore
23.6%
CamelotRichard Harris
22.1%
Film Actor/Actress % Correct
Pal JoeyFrank Sinatra
21.4%
A Touch of ClassGeorge Segal
20.7%
Avanti!Jack Lemmon
20.7%
ScroogeAlbert Finney
20%
The Boy FriendTwiggy
17.1%
Guys and DollsJean Simmons
17.1%
Ben-HurStephen Boyd
15.7%
The Sunshine BoysRichard Benjamin
15%
GigiHermione Gingold
14.3%
Around the World in Eighty DaysCantinflas
14.3%
Call Me MadamEthel Merman
12.1%
The Three Musketeers: The Queen's DiamondsRaquel Welch
11.4%
The Moon is BlueDavid Niven
11.4%
High NoonKaty Jurado
11.4%
Voyage of the DamnedKatharine Ross
10.7%
The Sand PebblesRichard Attenborough
10.7%
A Majority of OneRosalind Russell
10.7%
The ActressSpencer Tracy
10.7%
The IdolmakerRay Sharkey
10%
The Great GatsbyKaren Black
10%
Pocketful of MiraclesGlenn Ford
10%
Doctor DolittleRichard Attenborough
9.3%
Les Girls (Actress)Kay Kendall
9.3%
Me, NataliePatty Duke
8.6%
The Spy Who Came in From the ColdOskar Werner
7.9%
Les Girls (Actress)Taina Elg
7.9%
On the RivieraDanny Kaye
7.9%
Three Little WordsFred Astaire
7.9%
CareerAnthony Franciosa
7.1%
Me and the ColonelDanny Kaye
6.4%
My Six ConvictsMillard Mitchell
5.7%
The RainmakerEarl Holliman
5%
Too Young to KissJune Allyson
5%
To Bed or Not To BedAlberto Sordi
4.3%

You're not logged in!

Compare scores with friends on all Sporcle quizzes.
OR
Log In

Show Comments

Extras

Top Quizzes Today


Score Distribution

Your Account Isn't Verified!

In order to create a playlist on Sporcle, you need to verify the email address you used during registration. Go to your Sporcle Settings to finish the process.

Report this User

Report this user for behavior that violates our Community Guidelines.

Details: